Logo BPK

Biblioteka

Politechniki Koszalińskiej

Materiały 22 Krajowej Konferencji Badań Nieniszczących : (Rekord nr 30213)

Szczegóły MARC
000 -ETYKIETA REKORDU
podpole kontrolne o stałej długości 00687nam a2200193 i 4500
001 - NUMER KONTROLNY REKORDU
pole kontrolne bg
040 ## - ŹRÓDŁO KATALOGOWANIA
Instytucja, która utworzyła rekord BPK
041 0# - KOD JĘZYKA
Kod języka tekstu pl
080 ## - UNIWERSALNA KLASYFIKACJA DZIESIĘTNA - UKD
UKD 620.1(061.3)
008 - POLE O STAŁEJ DŁUGOŚCI - DANE KONTROLNE
podpole kontrolne o stałej długości s pl f |000 0 pol
111 2# - NAZWA IMPREZY
Nazwa imprezy Krajowa Konferencja Badań Nieniszczących
Oznaczenie części/sekcji/imprezy (22 ;
Data imprezy 1993 ;
Miejsce imprezy Szczyrk).
245 00 - TYTUŁ/ODPOWIEDZIALNOŚĆ
Tytuł Materiały 22 Krajowej Konferencji Badań Nieniszczących :
Ciąg dalszy tytułu Szczyrk 26-28 października 1993 /
Pozostałe elementy strefy tytułu i oznaczenia odpowiedzialności Tow. Badań Nieniszczących SIMP - Oddział Opole [i in.].
260 ## - STREFA ADRESU WYDAWNICZEGO
Miejsce wydania Chorzów :
Nazwa wydawcy/dystrybutora [b.w.](Centrum EMAG),
Data publikacji, dystrybucji/powstania dokumentu 1993.
300 ## - STREFA OPISU FIZYCZNEGO
Objętość 298 s. :
Inne cechy fizyczne rys., wykr. ;
Rozmiary 24 cm.
504 ## - UWAGA DOTYCZĄCA BIBLIOGRAFII
Informacje o bibliografii Bibliogr. przy ref.
650 #9 - HASŁO PRZEDMIOTOWE W FORMIE NAZWY OGÓLNEJ LUB JEDNOSTKOWEJ
Nazwa ogólna lub geograficzna Badania nieniszczące
655 ## - TERMIN INDEKSOWY - OKREŚLENIE RODZAJU/FORMY DOKUMENTU
Określenie rodzaju/formy dokumentu Materiały konferencyjne
856 ## - LOKALIZACJA I DOSTĘP DO ELEKTRONICZNYCH DOKUMENTÓW ZDALNYCH
Link (URL) http://koha.tu.koszalin.pl/cgi-bin/koha/opac-detail.pl?biblionumber=30213
Tekst linku Katalog online BPK
942 ## - DODATKOWE ELEMENTY (KOHA)
Typ dokumentu Książka
Egzemplarze
Wycofany Status egzemplarza Uszkodzony Dostępność Lokalizacja stała Lokalizacja bieżąca Miejsce przechowywania Sygnatura Kod kreskowy Typ dokumentu
      Dostępny Biblioteka Politechniki Koszalińskiej Biblioteka Politechniki Koszalińskiej Wypożyczalnia BG 36847 01375190 Książka
© 2023 Biblioteka Politechniki Koszalińskiej :: KOHA